| 000 | 00452nam a22001697a 4500 | ||
|---|---|---|---|
| 003 | NUST - PNEC | ||
| 005 | 20170116180951.0 | ||
| 008 | 150908b xxu||||| |||| 00| 0 eng d | ||
| 020 | _a0078821142 | ||
| 040 | _cLIBRARY | ||
| 082 | _a006.6 COX | ||
| 100 |
_99130 _aCox, Nancy |
||
| 245 |
_aLAN times guide to multimedia networking _cNancy Cox |
||
| 260 | _cc.1995 | ||
| 650 |
_99135 _aLocal area networks (Computer networks) _xMIS |
||
| 942 |
_2ddc _cBK |
||
| 999 |
_c66418 _d66418 |
||